Ropa a zemný plyn v kontexte energetickej bezpečnosti Slovenskej republiky

Zabezpečenie diverzifikácie zdrojov ropy. Ropovod Družba - jedna z hlavných trás dodávky ropy na Slovensko. Ropovod Adria. Ropovod Odesa - Brody - Družba. Tvorba núdzových zásob a pripravenosť na mimoriadne situácie. Diverzifikácia dodávok plynu. Zdroje plynu. Európske podzemné uskladňovanie zemného...

Descrizione completa

Salvato in:
Dettagli Bibliografici
Autore principale: Woltemar, Richard
Natura: Capitolo di libro
Lingua:slovacco
Soggetti:
Tags: Aggiungi Tag
Nessun Tag, puoi essere il primo ad aggiungerne!!

MARC

LEADER 00000nla$a2200000$$$4500
001 0104432
005 20240502072138.3
041 0 |a slo 
044 |a SK 
245 1 0 |a Ropa a zemný plyn v kontexte energetickej bezpečnosti Slovenskej republiky  |c Richard Woltemar 
520 |a Zabezpečenie diverzifikácie zdrojov ropy. Ropovod Družba - jedna z hlavných trás dodávky ropy na Slovensko. Ropovod Adria. Ropovod Odesa - Brody - Družba. Tvorba núdzových zásob a pripravenosť na mimoriadne situácie. Diverzifikácia dodávok plynu. Zdroje plynu. Európske podzemné uskladňovanie zemného plynu. Investície do rozvoja podzemných zásobníkov zemného plynu. 
610 2 0 |a politika energetická 
610 2 0 |a energetika 
610 2 0 |a plyn zemný 
610 2 0 |a ropa 
610 2 0 |a ropovody 
610 2 0 |a plynovody 
610 2 0 |a bezpečnosť energetická 
610 2 0 |a Slovensko 
100 1 |a Woltemar, Richard